guess the Taylor Swift song 3 - Statistics

General Stats
  • This quiz has been taken 45 times
  • The average score is 203 of 273
Answer Stats
Answer % Correct
a
98%
I
98%
the
95%
You
95%
you
95%
my
93%
And
90%
and
90%
be
90%
me
90%
we
90%
do
88%
it
88%
that
88%
to
88%
your
88%
like
85%
for
83%
dont
80%
don't
80%
on
80%
she
80%
when
80%
who
80%
get
78%
Now
78%
said
78%
So
78%
so
78%
talk
78%
what
78%
What
78%
(what
78%
have
75%
is
75%
of
75%
say
75%
was
75%
were
75%
But
73%
can
73%
it's
73%
It's
73%
men
73%
mom
73%
off
73%
(off
73%
best
70%
not
70%
you're
70%
Did
68%
ever
68%
from
68%
how
68%
I'll
68%
know
68%
or
68%
part
68%
pretend
68%
Red
68%
this
68%
with
68%
called
65%
got
65%
I'd
65%
party
65%
went
65%
am
63%
can't
63%
chest
63%
chest)
63%
friend
63%
guess
63%
Guess
63%
home?
63%
lost
63%
lost)
63%
though,
63%
you'd
63%
cost
60%
crowd
60%
didn't
60%
everybody
60%
gave
60%
heard
60%
just
60%
Just
60%
never
60%
new
60%
rock
60%
tell
60%
way
60%
back
58%
better
58%
had
58%
has
58%
less
58%
long
58%
looks
58%
miss
58%
more
58%
pay
58%
Sea
58%
think
58%
want
58%
acid
55%
been
55%
friends
55%
grew
55%
hair
55%
icons
55%
into
55%
lives
55%
myself
55%
old
55%
outside
55%
price
55%
change
53%
even
53%
important
53%
remind
53%
Remind
53%
thoughts
53%
trying
53%
ways
53%
anxious,
50%
only
50%
started
50%
left
48%
mega-yacht
48%
ended,
45%
platonic,
45%
turn
45%
dignity
43%
mystery
43%
shared
43%
til
43%
Truth
43%
chasing
40%
dinners,
40%
faded
40%
maybe
40%
shrouded
38%
weedends
3%
No matching quizzes found
Score Distribution
Percent of People with Each Score
Percentile by Number Answered
Your Score History
You have not taken this quiz